4-literowe zwierzęta - Statystyki

Ogólne statystyki
  • Ten quiz został rozwiązany 3 616 razy
  • Średni wynik to 14 z 15
Statystyki odpowiedzi
Obrazkowy Odpowiedź % Poprawnych
Pies
100%
Słoń
100%
Kura
99%
Sowa
99%
żaba
99%
Koza
98%
mysz
98%
Owca
98%
Foka
97%
Wilk
97%
żółw
97%
Krab
96%
Mewa
96%
Mors
86%
Puma
78%
Nie znaleziono quizów pasujących do podanych kryteriów
Rozkład punktacji
Procent ludzi z każdym wynikiem
Percentyl według liczby udzielonych odpowiedzi
Twoja historia wyników
Nie rozwiązałeś tego quizu